| 000 | 00000nam##2200000za#4500 |
| 001 | 9.699473 |
| 003 | CaOODSP |
| 005 | 20210625000409 |
| 007 | cr ||||||||||| |
| 008 | 150407|2002||||xxc|||||o f|0| 0 eng|d |
| 040 | |aCaOODSP|beng |
| 043 | |an-cn--- |
| 086 | 1 |aA22-272/2002E-PDF1 |
| 110 | 1 |aCanada.|bAgriculture and Agri-Food Canada. |bRural Secretariat. |
| 245 | 10|aRural youth migration : |h[electronic resource]|bexploring the reality behind the myths / |cprepared by R.A. Malatest & Associates Ltd. |
| 246 | 1 |iAt head of title : |aRural youth study, phase II |
| 260 | |aOttawa - Ontario : |bAgriculture and Agri-Food Canada. |cApril 2002. |
| 300 | |a58p.|bgraphs, table |
| 500 | |aHistorical publication digitized by Agriculture and Agri-Food Canada. -- "Rural Youth Study, Phase II"--at head of title. -- "A rural youth discussion paper"--p. 1 of 58. -- "Canadian Rural Partnership Research"--p. 1 of 58. |
| 590 | |a15-01-Supp|b2015-01-26 |
| 690 | 07|aRural communities|2gcpds |
| 690 | 07|aYouth|2gcpds |
| 775 | 08|tMigration des jeunes des régions rurales : |w(CaOODSP)9.643442 |
| 776 | 0#|tRural youth study, phase II, Rural youth migration : |w(CaOODSP)9.648894 |
| 856 | 40|ahttp://publications.gc.ca|qPDF|s2.6 MB|uhttps://publications.gc.ca/collections/collection_2014/aac-aafc/agrhist/A22-272-2002-eng.pdf |